000
00270nam a22001097a 4500
020
_a
9788127267407
082
_a
633.081
_b
KHA/ST
100
_a
Khare, b.P
245
_a
Stored grain pests and their management
260
_a
Ludhiana
_b
Kalyani Publishers
_c
2011
942
_c
BK
999
_c
13934
_d
13934